[Event "Mittelfrank Regionalliga Nord-West 2223"]
[Site "Mittelfranken"]
[Date "2023.02.05"]
[Round "6.5"]
[White "Mueller, Dirk"]
[Black "Wambach, Juergen"]
[Result "1-0"]
[WhiteElo "1902"]
[BlackElo "1990"]
[PlyCount "71"]
[EventDate "2022.10.09"]
[EventType "team-tourn"]
[EventRounds "9"]
[EventCountry "GER"]
[SourceTitle "EXT 2024"]
[Source "ChessBase"]
[SourceDate "2023.10.10"]
[SourceVersion "1"]
[SourceVersionDate "2023.10.10"]
[SourceQuality "1"]
[WhiteTeam "Hof PTSV"]
[BlackTeam "Klingenberg"]
[WhiteTeamCountry "GER"]
[BlackTeamCountry "GER"]

1. c4 c5 2. Nc3 Nc6 3. g3 g6 4. Bg2 Bg7 5. Nf3 e5 6. 0-0 Nge7 7. d3 0-0 8. e4 d6 9. Be3 h6 10. Qd2 Kh7 11. Nd5 Nxd5 12. cxd5 Ne7 13. b4 b6 14. Rab1 f5 15. Ne1 g5 16. f4 exf4 17. gxf4 gxf4 18. Bxf4 Ng6 19. Be3 fxe4 20. Rxf8 Qxf8 21. Bxe4 Bf5 22. bxc5 Bxe4 23. dxe4 bxc5 24. Rb7 Qc8 25. Rf7 Ne5 26. Re7 Qh3 27. Bf4 Qh4 28. Rb7 Kh8 29. Qe3 Rf8 30. Qg3 Qf6 31. Ng2 Ng6 32. h4 Qa1+ 33. Kh2 Nxf4 34. Rxg7 Qxg7 35. Nxf4 Qxg3+ 36. Kxg3 1-0

[Event "Mittelfrank Regionalliga Nord-West 2223"]
[Site "Mittelfranken"]
[Date "2023.01.15"]
[Round "5.5"]
[White "Roeber, Juergen"]
[Black "Mueller, Dirk"]
[Result "1-0"]
[WhiteElo "2072"]
[BlackElo "1902"]
[PlyCount "99"]
[EventDate "2022.10.09"]
[EventType "team-tourn"]
[EventRounds "9"]
[EventCountry "GER"]
[SourceTitle "EXT 2024"]
[Source "ChessBase"]
[SourceDate "2023.10.10"]
[SourceVersion "1"]
[SourceVersionDate "2023.10.10"]
[SourceQuality "1"]
[WhiteTeam "Bamberg II"]
[BlackTeam "Hof PTSV"]
[WhiteTeamCountry "GER"]
[BlackTeamCountry "GER"]

1. e4 e6 2. d4 d5 3. exd5 exd5 4. Bd3 Bd6 5. Qf3 Nf6 6. h3 Be6 7. Ne2 Nbd7 8. 0-0 0-0 9. Bf4 Bxf4 10. Nxf4 Re8 11. Re1 c5 12. dxc5 Nxc5 13. Nd2 Qb6 14. Nb3 Nxb3 15. axb3 a6 16. Nh5 Nxh5 17. Qxh5 g6 18. Qh4 Kg7 19. Ra4 Bd7 20. Raa1 Qf6 21. Qxf6+ Kxf6 22. c3 Rxe1+ 23. Rxe1 Re8 24. Rd1 Rd8 25. b4 Bf5 26. Bf1 h5 27. h4 Rd7 28. f4 Be4 29. Kf2 Re7 30. g3 Rd7 31. Ke3 Bf5 32. Bg2 Re7+ 33. Kd4 Be4 34. Rd2 Bxg2 35. Rxg2 Rd7 36. Re2 Kf5 37. Re5+ Kg4 38. Rg5+ Kh3 39. Ke5 Re7+ 40. Kf6 Rd7 41. Kg7 Re7 42. Kf8 Rd7 43. Ke8 Rc7 44. f5 gxf5 45. Rxh5 Kxg3 46. Rxf5 Kxh4 47. Rxf7 Rc8+ 48. Kd7 Rc4 49. Kd6 d4 50. Rf4+ 1-0

[Event "Mittelfrank Regionalliga Nord-West 2122"]
[Site "Mittelfranken"]
[Date "2022.05.29"]
[Round "9.7"]
[White "Mueller, Dirk"]
[Black "Nussbaumer, Hans"]
[Result "1/2-1/2"]
[WhiteElo "1900"]
[BlackElo "1883"]
[PlyCount "51"]
[EventDate "2021.10.24"]
[EventType "team-tourn"]
[EventRounds "9"]
[EventCountry "GER"]
[SourceTitle "EXT 2024"]
[Source "ChessBase"]
[SourceDate "2023.10.10"]
[SourceVersion "1"]
[SourceVersionDate "2023.10.10"]
[SourceQuality "1"]
[WhiteTeam "Hof PTSV"]
[BlackTeam "Kitzingen"]
[WhiteTeamCountry "GER"]
[BlackTeamCountry "GER"]

1. Nf3 d5 2. d4 Nf6 3. e3 e6 4. Bd3 c5 5. c3 Nc6 6. 0-0 Bd6 7. Nbd2 0-0 8. e4 cxd4 9. cxd4 e5 10. dxe5 Nxe5 11. Nxe5 Bxe5 12. Nf3 dxe4 13. Nxe5 exd3 14. Qxd3 Qa5 15. Nc4 Qh5 16. Bf4 Be6 17. Nd6 b6 18. Qa3 Rfd8 19. Rac1 h6 20. Bg3 Nd5 21. h3 Rd7 22. Rc8+ Rxc8 23. Nxc8 a5 24. Nd6 Nb4 25. Qe3 Nd5 26. Qa3 1/2-1/2

[Event "Pfalz-ch HT5 86th"]
[Site "Wolfstein"]
[Date "2017.04.15"]
[Round "7"]
[White "Mueller, Dirk"]
[Black "Naeher, Philipp"]
[Result "1-0"]
[WhiteElo "1519"]
[BlackElo "1360"]
[PlyCount "87"]
[EventDate "2017.04.07"]
[EventType "swiss"]
[EventRounds "7"]
[EventCountry "GER"]
[SourceTitle "EXT 2018"]
[Source "ChessBase"]
[SourceDate "2017.10.13"]
[SourceVersion "1"]
[SourceVersionDate "2017.10.13"]
[SourceQuality "1"]

1. e4 e5 2. Nf3 d6 3. Bc4 Nc6 4. c3 Bg4 5. d4 exd4 6. cxd4 Nf6 7. Nc3 Bxf3 8. gxf3 Qd7 9. Be3 0-0-0 10. a4 Nb4 11. a5 d5 12. Be2 dxe4 13. fxe4 g6 14. e5 Nfd5 15. Bg4 Nc2+ 16. Kd2 Nxa1 17. Bxd7+ Rxd7 18. Nxd5 Rxd5 19. Qxa1 Bb4+ 20. Kd3 Rxa5 21. Qc1 Rd8 22. Qc4 Bf8 23. Rc1 Rd7 24. f4 Rad5 25. Ke4 c6 26. Ra1 a6 27. Qe2 Re7 28. h4 Bg7 29. Kf3 f6 30. Kg3 fxe5 31. fxe5 Bxe5+ 32. dxe5 Rdxe5 33. Qg4+ R7e6 34. Bg5 h5 35. Qd4 Re8 36. Rd1 Rd5 37. Qg1 Rde5 38. Qb6 Rd5 39. Rxd5 cxd5 40. Qc5+ Kb8 41. Qxd5 Ka8 42. Qc5 Re6 43. Qc8+ Ka7 44. Qxe6 1-0

[Event "Zweibruecken PSB-ch HT5 82nd"]
[Site "Zweibruecken"]
[Date "2013.03.30"]
[Round "7"]
[White "Mueller, Dirk"]
[Black "Kovac, Linda"]
[Result "1-0"]
[WhiteElo "1569"]
[BlackElo "1189"]
[PlyCount "101"]
[EventDate "2013.??.??"]
[EventType "swiss"]
[EventRounds "7"]
[EventCountry "GER"]
[SourceTitle "EXT 2014"]
[Source "ChessBase"]
[SourceDate "2013.11.20"]
[SourceVersion "1"]
[SourceVersionDate "2013.11.20"]
[SourceQuality "1"]

1. d4 c5 2. d5 g6 3. c4 d6 4. Nc3 Bg7 5. Nf3 Nf6 6. e4 Nbd7 7. Rb1 a6 8. Bd3 0-0 9. 0-0 e5 10. Be3 Ng4 11. Bg5 f6 12. Bh4 g5 13. Bg3 Nh6 14. Qd2 Nb6 15. b3 Qd7 16. h3 g4 17. hxg4 Qxg4 18. Bc2 Qg6 19. Nh4 Qg5 20. Qxg5 fxg5 21. Nf3 Bf6 22. a4 Nd7 23. Nh2 Bg7 24. f3 Nf6 25. b4 b6 26. bxc5 bxc5 27. Rb6 Nh5 28. Bf2 Rd8 29. Rfb1 Nf4 30. g4 Nh3+ 31. Kg2 Nxf2 32. Kxf2 Rd7 33. Nf1 Kf7 34. Ne3 Rc7 35. Rxd6 Bf8 36. Rdb6 Rd7 37. Nf5 Nxf5 38. exf5 Bd6 39. Ne4 Be7 40. Rh1 Bd8 41. Rbh6 Kg8 42. f6 Rf7 43. R1h5 Bd7 44. Rxg5+ Kf8 45. Kg3 Bxa4 46. Nxc5 Bxf6 47. Rf5 Bg5 48. Rxg5 Bxc2 49. Rxa6 Rxa6 50. Nxa6 Rf6 51. c5 1-0

[Event "Zweibruecken PSB-ch HT5 82nd"]
[Site "Zweibruecken"]
[Date "2013.03.29"]
[Round "6"]
[White "Leidner, Matthias"]
[Black "Mueller, Dirk"]
[Result "1-0"]
[WhiteElo "1636"]
[BlackElo "1569"]
[PlyCount "69"]
[EventDate "2013.??.??"]
[EventType "swiss"]
[EventRounds "7"]
[EventCountry "GER"]
[SourceTitle "EXT 2014"]
[Source "ChessBase"]
[SourceDate "2013.11.20"]
[SourceVersion "1"]
[SourceVersionDate "2013.11.20"]
[SourceQuality "1"]

1. e4 e5 2. Nf3 Nc6 3. d4 exd4 4. Nxd4 Bc5 5. c3 Nge7 6. Be3 Bb6 7. Bc4 0-0 8. 0-0 Ne5 9. Bb3 c5 10. Nf3 N7c6 11. Nxe5 Nxe5 12. Qh5 d6 13. Bg5 Qc7 14. Kh1 c4 15. Bc2 Bg4 16. Qh4 Be2 17. Re1 Bd3 18. Bd1 a6 19. Nd2 Ba7 20. Be3 b5 21. f4 Ng6 22. Qg3 f5 23. Bf3 Bxe3 24. Rxe3 Rae8 25. Rae1 Qc5 26. exf5 Rxe3 27. Rxe3 Qxe3 28. Bd5+ Kh8 29. Qxe3 Bxf5 30. Bf3 Bd7 31. g3 Re8 32. Qf2 Ne7 33. Kg2 Nf5 34. Be4 Nh6 35. Qa7 1-0

[Event "Zweibruecken PSB-ch HT5 82nd"]
[Site "Zweibruecken"]
[Date "2013.03.24"]
[Round "4"]
[White "Bischoff, Nico"]
[Black "Mueller, Dirk"]
[Result "1-0"]
[WhiteElo "1581"]
[BlackElo "1569"]
[PlyCount "68"]
[EventDate "2013.??.??"]
[EventType "swiss"]
[EventRounds "7"]
[EventCountry "GER"]
[SourceTitle "EXT 2014"]
[Source "ChessBase"]
[SourceDate "2013.11.20"]
[SourceVersion "1"]
[SourceVersionDate "2013.11.20"]
[SourceQuality "1"]

1. e4 e5 2. Nf3 Nc6 3. Bc4 d6 4. c3 Be6 5. Bxe6 fxe6 6. d4 exd4 7. cxd4 e5 8. dxe5 dxe5 9. 0-0 Nf6 10. Qb3 Rb8 11. Nc3 Bd6 12. Bg5 h6 13. Bh4 Qd7 14. Rad1 Qf7 15. Nd5 0-0 16. Bxf6 gxf6 17. Nxf6+ Kh8 18. Qxf7 Rxf7 19. Ng4 Kh7 20. Rd5 Rg8 21. Nfxe5 Nxe5 22. Nxe5 Re7 23. Nc4 Bf4 24. Re1 c6 25. Rf5 Bc7 26. g3 Kg6 27. f3 Rd8 28. Re2 b5 29. Ne3 Bb6 30. Kf1 Bxe3 31. Rxe3 Rd2 32. Re2 Red7 33. Rc5 R2d6 34. Rec2 Rc7 1-0

[Event "Saarland-ch C 85th"]
[Site "Homburg"]
[Date "2010.03.28"]
[Round "1"]
[White "Wolsdorfer, Tim"]
[Black "Mueller, Dirk"]
[Result "1/2-1/2"]
[WhiteElo "1171"]
[BlackElo "1351"]
[PlyCount "99"]
[EventDate "2010.03.28"]
[EventType "swiss"]
[EventRounds "9"]
[EventCountry "GER"]
[SourceTitle "EXT 2011"]
[Source "ChessBase"]
[SourceDate "2010.11.26"]
[SourceVersion "1"]
[SourceVersionDate "2010.11.26"]
[SourceQuality "1"]

1. e4 d5 2. exd5 Qxd5 3. Nc3 Qa5 4. Nf3 Nf6 5. Bc4 Bf5 6. 0-0 e6 7. d3 c6 8. Bf4 Nbd7 9. a3 Be7 10. b4 Qb6 11. Qd2 0-0 12. Rfe1 Nh5 13. h3 Nxf4 14. Qxf4 h6 15. g4 Bg6 16. Ne4 Nf6 17. Nxf6+ Bxf6 18. Rab1 Rad8 19. h4 Be7 20. Qe3 Qxe3 21. Rxe3 Bd6 22. Kg2 Bf4 23. Re2 Rfe8 24. Rd1 e5 25. Rde1 e4 26. dxe4 Re7 27. Bd3 Rd6 28. Nd2 Bxd2 29. Rxd2 Bxe4+ 30. Kg3 Rde6 31. Bxe4 Rxe4 32. Rxe4 Rxe4 33. Rd7 Re2 34. Rxb7 Rxc2 35. Rxa7 Rc3+ 36. f3 Rb3 37. Ra6 Kf8 38. Rxc6 Rxa3 39. Kf4 Ke7 40. Ke4 Rb3 41. Rc4 Ke6 42. f4 g6 43. Kd4 Kd6 44. Ke4 Ke6 45. Rc6+ Kd7 46. Rb6 Kc7 47. Rb5 Kc6 48. Rb8 Kc7 49. Rb5 Kc6 50. Rb8 1/2-1/2

[Event "Saarland-ch C"]
[Site "Schiffweiler"]
[Date "2009.04.10"]
[Round "8"]
[White "Schaefer, Michael2222"]
[Black "Mueller, Dirk"]
[Result "1-0"]
[WhiteElo "1458"]
[BlackElo "1338"]
[PlyCount "91"]
[EventDate "2009.04.03"]
[EventType "swiss"]
[EventRounds "9"]
[EventCountry "GER"]
[SourceTitle "EXT 2012"]
[Source "ChessBase"]
[SourceDate "2011.11.24"]
[SourceVersion "1"]
[SourceVersionDate "2011.11.24"]
[SourceQuality "1"]

1. e4 d5 2. exd5 Qxd5 3. Nc3 Qa5 4. d3 c6 5. Nf3 Nf6 6. Be2 Bf5 7. 0-0 Nbd7 8. Bd2 e6 9. a3 Qc7 10. h3 Bd6 11. Bg5 h6 12. Bxf6 Nxf6 13. Qd2 g5 14. Ne4 Nxe4 15. dxe4 Bxe4 16. Qd4 0-0-0 17. Qxe4 Rde8 18. Rad1 f5 19. Qc4 e5 20. Qd3 e4 21. Qxd6 Qxd6 22. Rxd6 exf3 23. Bxf3 Kc7 24. Rf6 f4 25. Rf7+ Kb8 26. Rd1 Rd8 27. Rxd8+ Rxd8 28. b3 Rd6 29. a4 a5 30. Bg4 b6 31. Re7 c5 32. Re6 Rxe6 33. Bxe6 Kc7 34. Bc4 Kd6 35. f3 Ke5 36. Kf2 Kd4 37. g3 Kc3 38. gxf4 gxf4 39. Bd3 Kd4 40. h4 Ke5 41. Kg2 Kf6 42. Kh3 h5 43. Kg2 Kg7 44. Kf2 Kf6 45. Ke2 Kg7 46. Kd2 1-0

[Event "Saarland-ch C"]
[Site "Saarlouis Steinrausch"]
[Date "2005.03.26"]
[Round "9"]
[White "Mueller, Dirk"]
[Black "Christmann, Walter"]
[Result "1-0"]
[WhiteElo "1191"]
[BlackElo "1103"]
[PlyCount "88"]
[EventDate "2005.03.18"]
[EventType "swiss"]
[EventRounds "9"]
[EventCountry "GER"]
[SourceTitle "EXT 2012"]
[Source "ChessBase"]
[SourceDate "2011.11.24"]
[SourceVersion "1"]
[SourceVersionDate "2011.11.24"]
[SourceQuality "1"]

1. e4 e5 2. Nc3 Nf6 3. f4 d6 4. Nf3 Nc6 5. Be2 exf4 6. d4 Bg4 7. Bxf4 d5 8. exd5 Nxd5 9. Nxd5 Qxd5 10. c3 Bd6 11. Be3 0-0 12. 0-0 Rfe8 13. Qd2 Qe4 14. Kf2 Bxf3 15. Bxf3 Qh4+ 16. Ke2 Qe7 17. g3 Rad8 18. Rae1 Na5 19. b3 c5 20. Kd1 c4 21. b4 Nc6 22. Bg5 Qc7 23. Bxd8 Qxd8 24. Bxc6 bxc6 25. Rxe8+ Qxe8 26. Qe2 Qd7 27. Qxc4 Qg4+ 28. Kc2 Qd7 29. a4 Bf8 30. b5 cxb5 31. axb5 Qe7 32. Ra1 h5 33. Kb3 g5 34. Qc5 Qe6+ 35. Qc4 Qe7 36. Qd5 Kg7 37. Qe5+ f6 38. Qxe7+ Bxe7 39. Rxa7 Kf8 40. c4 Ke8 41. c5 f5 42. b6 Bxc5 43. dxc5 Kd8 44. c6 Kc8 1-0

[Event "Saarland-ch C"]
[Site "Saarlouis Steinrausch"]
[Date "2005.03.25"]
[Round "8"]
[White "Bastian, Simon"]
[Black "Mueller, Dirk"]
[Result "1/2-1/2"]
[WhiteElo "1099"]
[BlackElo "1191"]
[PlyCount "108"]
[EventDate "2005.03.18"]
[EventType "swiss"]
[EventRounds "9"]
[EventCountry "GER"]
[SourceTitle "EXT 2012"]
[Source "ChessBase"]
[SourceDate "2011.11.24"]
[SourceVersion "1"]
[SourceVersionDate "2011.11.24"]
[SourceQuality "1"]

1. e4 d5 2. exd5 Qxd5 3. Nc3 Qa5 4. Bc4 Nf6 5. Nf3 Bf5 6. 0-0 e6 7. d3 c6 8. Ne2 Bd6 9. Ng3 Bg6 10. Re1 Nbd7 11. Qe2 Qc7 12. Nd4 e5 13. Ndf5 0-0 14. Qf3 Bc5 15. c3 Rfe8 16. Bg5 Rad8 17. d4 exd4 18. cxd4 Bb6 19. d5 Ne5 20. Rxe5 Qxe5 21. dxc6 Qxb2 22. Rf1 bxc6 23. Qxc6 Qe5 24. Nh6+ Kf8 25. Ngf5 Rc8 26. Qa4 Ne4 27. Bxf7 Bxf7 28. Bh4 gxh6 29. Nxh6 Qf4 30. Qb4+ Bc5 31. Qb7 Qxh6 32. Be7+ Bxe7 33. Qxe4 Bxa2 34. Qa4 Bc4 35. Re1 Qd2 36. Qa1 Bd5 37. h3 Qg5 38. g3 Bc5 39. Qh8+ Qg8 40. Qf6+ Bf7 41. Rxe8+ Rxe8 42. g4 Qg7 43. Qc6 Qd4 44. Qh6+ Ke7 45. Qg5+ Kf8 46. Qh6+ Qg7 47. Qc6 Be7 48. Qa6 Ra8 49. Qb7 Rd8 50. Qf3 Qa1+ 51. Kh2 Bd6+ 52. Kg2 Qe5 53. h4 Ke8 54. Qc6+ Kf8 1/2-1/2

[Event "Saarland-ch C"]
[Site "Saarlouis Steinrausch"]
[Date "2005.03.18"]
[Round "1"]
[White "Assaf, Amir"]
[Black "Mueller, Dirk"]
[Result "1-0"]
[WhiteElo "1452"]
[BlackElo "1191"]
[PlyCount "57"]
[EventDate "2005.03.18"]
[EventType "swiss"]
[EventRounds "9"]
[EventCountry "GER"]
[SourceTitle "EXT 2012"]
[Source "ChessBase"]
[SourceDate "2011.11.24"]
[SourceVersion "1"]
[SourceVersionDate "2011.11.24"]
[SourceQuality "1"]

1. e4 d5 2. exd5 Qxd5 3. Nc3 Qa5 4. Bc4 Nf6 5. d4 c6 6. Bd2 Qc7 7. Nge2 Bf5 8. Bf4 Qb6 9. Bb3 e6 10. 0-0 Nbd7 11. Ng3 Bg6 12. Re1 Bb4 13. d5 cxd5 14. Bxd5 0-0 15. Bb3 Rac8 16. Be3 Qa6 17. Bd2 Rfd8 18. Nce4 Bxd2 19. Qxd2 Nc5 20. Nxf6+ gxf6 21. Qf4 Nd7 22. c3 f5 23. h4 Nf6 24. Qg5 f4 25. Qxf6 fxg3 26. Rxe6 fxe6 27. Bxe6+ Bf7 28. Qxf7+ Kh8 29. Qf6# 1-0